000 00290nam a22001337a 4500
008 170523b xxu||||| |||| 00| 0 eng d
020 _a18209
041 _aeng
080 _a94(3)
100 _a16
101 _aSHH
245 _aANCIENT AND MEDIEVAL HISTORY
_cMAGOFFIN
942 _2udc
_cBK
999 _c13855
_d13855